000 00384nam a2200181Ia 4500
001 1413
005 20260306143726.0
008 260306t2005||||xx |||||||||||||| ||spa||
041 _aESP
082 _a150
_bM86 2005
100 _aMorris, Charles
_eAUT
245 0 _aPsicologĂ­a
260 _c2005
300 _a
_c
650 _aGEN
654 _aCPS
942 _cLIB
_dJUS
_fJUS
_2ddc
_n
999 _c1413
_d1413